000 00449nam a22001577a 4500
020 _a81-8423-265-9
082 _a894.812.1
_bEDA/M
100 _aEDASSERY GOVINDAN NAIR
245 _aMALAYALATHINTE PRIYA KAVITHAKAL
246 _aMALAYALATHINTE PRIYA KAVITHAKAL
_bMALAYALATHINTE PRIYA KAVITHAKAL
260 _aTHRISSURE,INDIA
_bGREEN BOOKS
_c2013
300 _a216
520 _aMALAYALAM KAVITHAKAL
650 _aMALAYALAM KAVITHAKAL
942 _cBK
999 _c8555
_d8555